000 00448cam a2200193ua 4500
001 9049
008 150220n ii |||gr||||Z||||||asm
020 _a9789324400406
040 _cMAIN
041 _aasm
082 _a294.5
100 _aNeog, M.,
_eEditor.
245 1 _aGuru carita katha
_cEdited by M. Neog
250 _a1st.
260 _aGuwahati:
_bChandra,
_c2012.
300 _a630p.
653 _aReligions ofIndic origin
942 _cBK
999 _c8139
_d8139